|
|
|
|
| LEADER |
00000nam a2200000 4500 |
| 001 |
vtls011986854 |
| 003 |
SK-MaSNL |
| 005 |
20260301225939.0 |
| 008 |
250311s1960 ru grbh 001 0brus |
| 015 |
|
|
|a SNBA1960
|
| 015 |
|
|
|a SNBSAB1960
|
| 020 |
|
|
|q (brožované)
|
| 035 |
|
|
|a urn:nbn:sk:snk-am00enhf
|
| 035 |
|
|
|a urn:nbn:sk:snk-am3ikq6
|
| 035 |
|
|
|a B7378AF2-2CBA-4F95-96AD-86DDFF8573CA
|
| 040 |
|
|
|a SNK
|b slo
|c SNK
|e rda
|
| 041 |
0 |
|
|a rus
|
| 044 |
|
|
|a ru
|c RU
|
| 072 |
|
7 |
|a 821.162.4.09
|x Slovenská literatúra (o nej)
|2 konspekt
|
| 072 |
|
7 |
|a 929
|x Biografie
|2 konspekt
|
| 072 |
|
7 |
|a 01
|x Bibliografia. Katalógy
|2 konspekt
|
| 080 |
|
|
|a 821.162.4-051
|2 2011
|
| 080 |
|
|
|a (01)-048.58
|2 2011
|
| 080 |
|
|
|a 929(092)
|2 2011
|
| 245 |
0 |
0 |
|a Peter Ilemnickij
|b bio-bibliografičeskij ukazatel'
|c sostavitel' I. V. Toksina
|
| 264 |
|
1 |
|a Moskva
|b Izdatel'stvo vsesojuznoj knižnoj palaty
|c 1960
|
| 300 |
|
|
|a 56 strán
|c 22 cm
|
| 336 |
|
|
|a text
|b txt
|2 rdacontent
|
| 337 |
|
|
|a bez média
|b n
|2 rdamedia
|
| 338 |
|
|
|a zväzok
|b nc
|2 rdacarrier
|
| 366 |
|
|
|e 2250 kusov
|
| 490 |
1 |
|
|a Pisateli zarubežnych stran
|
| 504 |
|
|
|a Bibliografia na strane 31-51, obsahuje 329 záznamov ; poznámky ; register
|
| 600 |
1 |
7 |
|a Jilemnický, Peter,
|d 1901-1949
|2 SNKMA
|9 108039
|
| 650 |
0 |
7 |
|a slovenskí spisovatelia
|2 SNKPH
|9 1258
|
| 650 |
0 |
7 |
|a Slovak authors
|2 SNKPHeng
|9 268018
|
| 655 |
|
7 |
|a výberové bibliografie
|2 SNKPH
|9 70561
|
| 655 |
|
7 |
|a Selected bibliographies
|2 SNKPHeng
|9 275217
|
| 655 |
|
7 |
|a biografie
|2 SNKPH
|9 27965
|
| 655 |
|
7 |
|a Biography
|2 SNKPHeng
|9 266314
|
| 700 |
1 |
|
|a Toksina, Inna Vasiljevna
|4 com
|9 620155
|
| 830 |
|
0 |
|a Pisateli zarubežnych stran
|9 620156
|
| 852 |
|
|
|a Slovenská národná knižnica
|
| 958 |
|
|
|a OND
|
| 958 |
|
|
|a BX
|
| 958 |
|
|
|a NB
|
| 958 |
|
|
|a SF
|
| 999 |
|
|
|c 952900
|d 954830
|
| 952 |
|
|
|a SNK
|b SNK
|y PREZ
|7 0
|p 17A0842100
|o snkSC 16399
|i snkV 383/62
|8 2
|0 0
|1 0
|4 0
|d 2020-08-12
|f 1
|l 0
|r 2025-07-18 00:00:00
|w 2026-02-24
|